000 01027cam a2200277 4500
001 WS108064
008 000000n 000 0 eng u
035 _a(Sirsi) u108064
110 _aAwarding Body for the Built Environment
_93927
245 _aAwarding Body for the Built Environment
520 _aWeb site for this body which issues NVQs for the built environment including lists and details of the NVQs available, guidance for assessors, details of costs and press releases.
650 _aPROFESSIONAL PRACTICE
650 _aNVQS
650 _aASSESSORS
650 _aBUILT ENVIRONMENT
650 _aMANAGEMENT-PROJECT MANAGEMENT
650 _aARCHITECTURAL PRACTICE
650 0 _aBUILDING SITE MANAGEMENT
650 _aBUILDING CONTROL
_96222
650 _aSPATIAL DATA MANAGEMENT
650 _aTOWN PLANNING
650 _aSURVEYING SUPPORT
690 _aCAREERS, EDUCATION AND TRAINING
856 4 0 _uhttps://www.uce.ac.uk/abbe
_zView the website free of charge at www.uce.ac.uk/abbe...
942 _n0
999 _c119604
_d119604